<?xml version="1.0" encoding="UTF-8"?>
<collection xmlns="http://www.loc.gov/MARC21/slim">
 <record>
  <leader>01267nam a22002297a 4500</leader>
  <controlfield tag="001">NCT_63897</controlfield>
  <controlfield tag="008">190507b        xxu||||| |||| 00| 0 vie d</controlfield>
  <datafield tag="999" ind1=" " ind2=" ">
   <subfield code="c">3090</subfield>
   <subfield code="d">3090</subfield>
  </datafield>
  <datafield tag="020" ind1=" " ind2=" ">
   <subfield code="c">76000</subfield>
  </datafield>
  <datafield tag="082" ind1="0" ind2="4">
   <subfield code="2">23rd ed.</subfield>
   <subfield code="a">158.1</subfield>
   <subfield code="b">C289</subfield>
  </datafield>
  <datafield tag="100" ind1="1" ind2=" ">
   <subfield code="a">Carnegie, Dale</subfield>
  </datafield>
  <datafield tag="245" ind1="1" ind2="0">
   <subfield code="a">Quẳng gánh lo đi và vui sống =</subfield>
   <subfield code="b">How to stop worrying and start living : Những bí quyết để sống vui vẻ và hạnh phúc</subfield>
   <subfield code="c">Dale Carnegie ; Nguyễn Văn Phước (dịch)</subfield>
  </datafield>
  <datafield tag="250" ind1=" " ind2=" ">
   <subfield code="a">Tái bản</subfield>
  </datafield>
  <datafield tag="260" ind1=" " ind2=" ">
   <subfield code="a">H.</subfield>
   <subfield code="b">Dân trí</subfield>
   <subfield code="c">2014</subfield>
  </datafield>
  <datafield tag="300" ind1=" " ind2=" ">
   <subfield code="a">429 tr.</subfield>
   <subfield code="c">21cm</subfield>
  </datafield>
  <datafield tag="520" ind1="3" ind2=" ">
   <subfield code="a">Sách chia sẻ những nội dung sự lo lắng, những câu chuyện có thật về kinh nghiệm chế ngự và nguyên tắc loại bỏ nỗi lo lắng.</subfield>
  </datafield>
  <datafield tag="653" ind1=" " ind2=" ">
   <subfield code="a">Sách tham khảo</subfield>
  </datafield>
  <datafield tag="710" ind1="2" ind2=" ">
   <subfield code="a">Nguyễn Văn Phước</subfield>
   <subfield code="b">Biên dịch</subfield>
  </datafield>
  <datafield tag="942" ind1=" " ind2=" ">
   <subfield code="2">ddc</subfield>
   <subfield code="c">BK</subfield>
  </datafield>
  <datafield tag="952" ind1=" " ind2=" ">
   <subfield code="0">0</subfield>
   <subfield code="1">0</subfield>
   <subfield code="2">ddc</subfield>
   <subfield code="4">0</subfield>
   <subfield code="6">158_100000000000000_C289</subfield>
   <subfield code="7">0</subfield>
   <subfield code="9">16800</subfield>
   <subfield code="a">000001</subfield>
   <subfield code="b">000001</subfield>
   <subfield code="d">2019-05-07</subfield>
   <subfield code="l">1</subfield>
   <subfield code="o">158.1 C289</subfield>
   <subfield code="p">TK.01395</subfield>
   <subfield code="r">2021-01-21</subfield>
   <subfield code="s">2021-01-18</subfield>
   <subfield code="v">76000.00</subfield>
   <subfield code="w">2019-05-07</subfield>
   <subfield code="y">BK</subfield>
  </datafield>
  <datafield tag="952" ind1=" " ind2=" ">
   <subfield code="0">0</subfield>
   <subfield code="1">0</subfield>
   <subfield code="2">ddc</subfield>
   <subfield code="4">0</subfield>
   <subfield code="6">158_100000000000000_C289</subfield>
   <subfield code="7">0</subfield>
   <subfield code="9">16801</subfield>
   <subfield code="a">000001</subfield>
   <subfield code="b">000001</subfield>
   <subfield code="d">2019-05-07</subfield>
   <subfield code="o">158.1 C289</subfield>
   <subfield code="p">TK.01396</subfield>
   <subfield code="r">2019-05-07</subfield>
   <subfield code="v">76000.00</subfield>
   <subfield code="w">2019-05-07</subfield>
   <subfield code="y">BK</subfield>
  </datafield>
  <datafield tag="980" ind1=" " ind2=" ">
   <subfield code="a">Thư viện Trường Đại học Nam Cần Thơ</subfield>
  </datafield>
 </record>
</collection>
